Quick Pick: Pre-Decimal British Coins Quiz Stats

 Plays Quiz Updated Jul 26, 2019

Score 0/14 Timer 01:00
0 Plays Today
% Correct
Shilling
96.1%
Sixpence
95.7%
Half Penny
95.6%
Farthing
94.7%
Penny
93.7%
Threepence
91%
Crown
90%
% Correct
Half Farthing
89.6%
Sovereign
82.6%
Quarter Farthing
80.8%
Guinea
79.3%
Florin
56.1%
Groat
55%
Angel
12%

Today's Daily Dose

Missing Word
1940s A-Z

Quick Pick
'S' Athletes

Get the Picture
Depp or Bonham Carter

You're not logged in!

Compare scores with friends on all Sporcle quizzes.
OR
Log In

Sporcle TV

Today on Sporcle TV


Watch our educational content, quiz creation guides, and fun videos on Sporcle TV.

Show Comments

Extras

Top Quizzes Today


Score Distribution

Your Account Isn't Verified!

In order to create a playlist on Sporcle, you need to verify the email address you used during registration. Go to your Sporcle Settings to finish the process.

Report this User

Report this user for behavior that violates our Community Guidelines.

Details: